Statistics for Smells Like Teen Spirit

Click here to take the quiz!

General Stats

  • This quiz has been taken 1,808 times
    (745 since last reset)
  • The average score is 18 of 28

Answer Stats

Answer% Correct
{entertain} us
91%
{entertain} us
91%
{here} {we} {are} now
88%
{here} {we} {are} now
88%
I feel {stupid}
88%
Bring your {friends}
82%
and {contagious}
81%
Load up on {guns}
79%
With the {lights} {out}
79%
A {mosquito}
76%
Hello, hello, hello, {how} {low} ...
76%
and self {assured}
74%
My {libido}. Yeah!
74%
An {albino}
72%
It's {less} {dangerous}
71%
oh no, I know a {dirty} {word}
68%
Oh well, whatever, {nevermind}
61%
A {mulatto}
57%
she's {overboard}
56%
It's fun to {lose} and to pretend
55%
and always will {until} {the} {end}
50%
our little {tribe} has always been
41%
And for this gift {I} {feel} {blessed}
37%
I {found} {it} {hard}, it's hard to find
36%
I'm {worst} {at} {what} I do best
33%
Oh, yeah, I guess it {makes} {me} {smile}
31%
{And} {I} {forget} just why I taste
28%
{A} {Denial}!
27%

Score Distribution

Percentile by Number Answered

Percent of People with Each Score

Your Score History

You have not taken this quiz since the last reset